10k+ Cities in Newfoundland and Labrador - Statistics

General Stats
  • This quiz has been taken 35 times
  • The average score is 4 of 7
Answer Stats
City Population % Correct
St. John's 121,472
100%
Corner Brook 20,046
78%
Gander 12,432
78%
Mount Pearl 23,532
63%
Conception Bay South 28,912
52%
Paradise 25,097
37%
Grande Falls - Windsor 14,477
0%
No matching quizzes found
Score Distribution
Percent of People with Each Score
Percentile by Number Answered
Your Score History
You have not taken this quiz